| 000 | 00629cam a22002051 4500 | ||
|---|---|---|---|
| 001 | sa 65001555 | ||
| 003 | DLC | ||
| 005 | 20260227112110.0 | ||
| 008 | 740625s1951 pk 000 0 eng | ||
| 010 | _asa 65001555 | ||
| 035 | _a(OCoLC)929221 | ||
| 040 |
_aDLC _cMBU _dOCoLC _dDLC |
||
| 042 | _apremarc | ||
| 050 | 0 | 0 |
_aBP174 _b.R3 |
| 100 | 1 | _aRazzaque, Abdur. | |
| 245 | 1 | 0 |
_aPrayer for progress; _ba reasoned exposition of ebadat of Allah in the light of the teachings of the Shariyaat. |
| 260 |
_aLahore, _bStocked by Sh. Muhammad Ashraf _c[1951] |
||
| 300 |
_axv, 203 p. _c22 cm. |
||
| 650 | 0 |
_aIslam _xCustoms and practices |
|
| 999 |
_c62106 _d62106 |
||